000 00411nam a22001817a 4500
008 240214b |||||||| |||| 00| 0 eng d
020 _a9789381608469
040 _a30
082 _a617 SUL
100 _aSULOCHANA , A
110 _bAYURVEDA
245 _aAYURVEDIYA STRIROGA VIJNANA
250 _a1 ST
260 _aNEW DELHI
_bCHAUKHAMBA
_c2018
300 _a261
650 _aGYNACOLOGY
942 _c01
999 _c58223
_d58223